Альбом чертежей конструкций и деталей промышленных зданий: учебное пособие для вузов

التفاصيل البيبلوغرافية
المؤلف الرئيسي: Трепененков Р. И. Роман Исидорович
اللغة:الروسية
منشور في: Москва, Стройиздат, 1980
الطبعة:3-е изд., перераб. и доп.
الموضوعات:
التنسيق: MixedMaterials كتاب
KOHA link:https://koha.lib.tpu.ru/cgi-bin/koha/opac-detail.pl?biblionumber=135319

MARC

LEADER 00000nam0a2200000 4500
001 135319
005 20231101220538.0
035 |a (RuTPU)RU\TPU\book\146655 
090 |a 135319 
100 |a 20080409d1980 m y0rusy50 ca 
101 0 |a rus 
102 |a RU 
105 |a a j 000zy 
200 1 |a Альбом чертежей конструкций и деталей промышленных зданий  |e учебное пособие для вузов  |f Р. И. Трепененков 
205 |a 3-е изд., перераб. и доп. 
210 |a Москва  |c Стройиздат  |d 1980 
215 |a 284 с.  |c черт. 
606 1 |a Промышленные здания  |x Чертежи  |2 stltpush  |3 (RuTPU)RU\TPU\subj\52505  |9 70917 
610 1 |a учебные пособия 
610 1 |a альбомы 
610 1 |a конструкции 
610 1 |a детали 
610 1 |a проектирование 
610 1 |a одноэтажные промышленные здания 
610 1 |a железобетонные конструкции 
610 1 |a стальные конструкции 
610 1 |a сборные железобетонные конструкции 
610 1 |a ограждающие конструкции 
675 |a 725.4.02(075.8)  |v 3 
700 1 |a Трепененков  |b Р. И.  |g Роман Исидорович 
801 1 |a RU  |b 63413507  |c 20080228  |g PSBO 
801 2 |a RU  |b 63413507  |c 20210414  |g PSBO 
942 |c BK